[Event "1.b HSL 19 "]
[Site "Mali Losinj"]
[Date "2019.10.01"]
[Round "4.23"]
[White "Krstic, Uros"]
[Black "Bilobrk, Franjo"]
[Result "0-1"]
[WhiteElo "2354"]
[BlackElo "2334"]
[PlyCount "86"]
[EventDate "2019.09.28"]
[EventCountry "CRO"]
[WhiteTeam "ŠK STRIDON, Štrigova"]
[BlackTeam "ŠK GORAN, Bibinje"]

1. g3 d5 2. Bg2 g6 3. Nf3 Bg7 4. O-O e5 5. d3 Nc6 6. a3 a5 7. Nbd2 Nf6 8. e4
O-O 9. b3 d4 10. Nc4 Nd7 11. a4 Qe7 12. Ba3 Nb4 13. Qd2 b6 14. h3 Ba6 15. Nh2
Bxc4 16. bxc4 Nc5 17. f4 Nxa4 18. f5 Nc3 19. Ng4 f6 20. h4 c5 21. Bb2 Nba2 22.
Rf2 a4 23. Ba3 Nb4 24. Bh3 b5 25. fxg6 hxg6 26. h5 f5 27. exf5 gxf5 28. Nh6+
Bxh6 29. Qxh6 Qg7 30. Qxg7+ Kxg7 31. Bxf5 Rxf5 32. Rxf5 Nxc2 33. Rg5+ Kh6 34.
Bc1 Nxa1 35. Rg8+ Kxh5 36. Rxa8 b4 37. Kf2 Nb3 38. Rh8+ Kg6 39. Bh6 a3 40. Bf8
a2 41. Rh1 Nb1 42. Rh6+ Kf7 43. Ra6 Na3 0-1

[Event "1.b HSL 19 "]
[Site "Mali Losinj"]
[Date "2019.10.01"]
[Round "4.24"]
[White "Biliskov, Vjekoslav"]
[Black "Trbojevic, Mladen"]
[Result "1-0"]
[WhiteElo "2333"]
[BlackElo "2338"]
[PlyCount "83"]
[EventDate "2019.09.28"]
[EventCountry "CRO"]
[WhiteTeam "ŠK GORAN, Bibinje"]
[BlackTeam "ŠK STRIDON, Štrigova"]

1. d4 Nf6 2. c4 g6 3. Nc3 d5 4. cxd5 Nxd5 5. e4 Nxc3 6. bxc3 c5 7. Bb5+ Bd7 8.
Be2 Bg7 9. Nf3 Qa5 10. Bd2 O-O 11. O-O Qa4 12. Rb1 cxd4 13. cxd4 b6 14. Qxa4
Bxa4 15. Rfc1 e6 16. Rc7 Rd8 17. Bg5 f6 18. Be3 Bc6 19. d5 exd5 20. exd5 Bd7
21. Nd4 Bf8 22. Ne6 Bd6 23. Rcc1 Rc8 24. Rxc8+ Bxc8 25. Rc1 Nd7 26. Rc6 Ba3 27.
Nc7 Rb8 28. Nb5 Ba6 29. Rc7 Ne5 30. Rxa7 Bxb5 31. Bxb5 Bc5 32. a4 Bxe3 33. fxe3
Rc8 34. d6 Rd8 35. d7 Kf8 36. Rb7 Ke7 37. Rxb6 f5 38. h3 Nf7 39. a5 Ra8 40. a6
Nd8 41. Kf2 Ne6 42. Rxe6+ 1-0

[Event "1.b HSL 19 "]
[Site "Mali Losinj"]
[Date "2019.10.01"]
[Round "4.25"]
[White "Vernacki, Srdjan"]
[Black "Sinanovic, Muhamed"]
[Result "1/2-1/2"]
[WhiteElo "2318"]
[BlackElo "2312"]
[PlyCount "38"]
[EventDate "2019.09.28"]
[EventCountry "CRO"]
[WhiteTeam "ŠK STRIDON, Štrigova"]
[BlackTeam "ŠK GORAN, Bibinje"]

1. e4 c5 2. Nf3 e6 3. d3 d6 4. g3 Nc6 5. Bg2 Nf6 6. O-O Be7 7. c3 O-O 8. Re1
Rb8 9. d4 cxd4 10. cxd4 a5 11. Nc3 e5 12. h3 b5 13. d5 Nb4 14. Qe2 Bd7 15. a3
Na6 16. a4 Nc7 17. Bf1 b4 18. Nb1 Na8 19. b3 Qc8 1/2-1/2

[Event "1.b HSL 19 "]
[Site "Mali Losinj"]
[Date "2019.10.01"]
[Round "4.26"]
[White "Zelic, Mladen"]
[Black "Tomasic, Roland"]
[Result "1-0"]
[WhiteElo "2209"]
[BlackElo "2102"]
[PlyCount "85"]
[EventDate "2019.09.28"]
[EventCountry "CRO"]
[WhiteTeam "ŠK GORAN, Bibinje"]
[BlackTeam "ŠK STRIDON, Štrigova"]

1. e4 c5 2. d4 cxd4 3. c3 dxc3 4. Nxc3 Nc6 5. Nf3 e6 6. Bc4 a6 7. O-O Nge7 8.
Bg5 f6 9. Be3 Ng6 10. Bb3 b5 11. Nd5 Rb8 12. Rc1 Be7 13. Nxe7 Ngxe7 14. Qd6 O-O
15. Rfd1 Qe8 16. Nd4 Nxd4 17. Bxd4 Ra8 18. Bc5 Rf7 19. Qc7 Nc6 20. Rd6 Nd8 21.
Rb6 Bb7 22. Bd6 Bc6 23. Rb8 Rxb8 24. Qxb8 g6 25. f3 Kg7 26. Bc7 Rf8 27. Qa7 Nf7
28. Qxa6 Qe7 29. Qb6 Rc8 30. Bg3 Ra8 31. Qd4 h5 32. Be1 g5 33. Bb4 Qe8 34. Rf1
Qb8 35. Bc3 e5 36. Qd2 Nd6 37. Bxe5 Nxe4 38. Bxf6+ Kxf6 39. fxe4+ Kg6 40. Rf5
Qb6+ 41. Kh1 Bxe4 42. Qxg5+ Kh7 43. Rf7+ 1-0

[Event "1.b HSL 19 "]
[Site "Mali Losinj"]
[Date "2019.10.01"]
[Round "4.31"]
[White "Vavulin, Maxim"]
[Black "Ruck, Robert"]
[Result "1/2-1/2"]
[WhiteElo "2550"]
[BlackElo "2530"]
[PlyCount "245"]
[EventDate "2019.09.28"]
[EventCountry "CRO"]
[WhiteTeam "ŠK PULA, Pula"]
[BlackTeam "ŠK ĐURO ĐAKOVIĆ, Slavonski Brod"]

1. e4 c6 2. d4 d5 3. Nc3 dxe4 4. Nxe4 Bf5 5. Ng3 Bg6 6. Bc4 Nf6 7. N1e2 Nbd7 8.
Nf4 Qc7 9. Qe2 Nb6 10. Bb3 e6 11. h4 Bd6 12. Qf3 Nbd5 13. Nxg6 hxg6 14. Bg5 Nh7
15. Bd2 Bf4 16. Bxf4 Nxf4 17. Ne4 Nf6 18. Ng5 Nh7 19. g3 Nd5 20. Ne4 O-O-O 21.
O-O-O Rhe8 22. Rhe1 Nhf6 23. Ng5 Re7 24. Kb1 Red7 25. a3 Kb8 26. Ka2 Qa5 27. c3
Ka8 28. Qe2 Nb6 29. Qf1 Nbd5 30. Nf3 Ng4 31. Nd2 Qc7 32. Qe2 Nh6 33. Nc4 Nf5
34. Ne5 Re7 35. Qf3 Nb6 36. Nd3 Kb8 37. Rh1 Kc8 38. Qe4 Nd7 39. Rhe1 Nf6 40.
Qf3 Kb8 41. Rh1 Kc8 42. g4 Nd6 43. Ne5 Nd7 44. Qe3 Ne8 45. Nd3 Nef6 46. Qf3 Rh8
47. Rde1 Rd8 48. h5 gxh5 49. gxh5 Rh8 50. Ne5 Rh6 51. Rhg1 Nxe5 52. Rxe5 Ne8
53. Qe3 Rf6 54. Rgg5 Qd8 55. d5 cxd5 56. Bxd5 Qb6 57. Bf3 Qxe3 58. Rxe3 Rd7 59.
Rg2 Rd2 60. Be2 Kc7 61. Kb1 Rd5 62. Bf3 Rdf5 63. Rg3 Nd6 64. c4 Rf4 65. Rb3 b6
66. Ba8 Nf5 67. Rgf3 Rxc4 68. Rb4 Rxb4 69. axb4 Rh6 70. Rc3+ Kd6 71. Rd3+ Kc7
72. Rc3+ Kd7 73. Ra3 Rxh5 74. Rxa7+ Kd6 75. Rxf7 Rh4 76. b5 Rf4 77. f3 g5 78.
Rf8 Nd4 79. Rc8 Rf5 80. Rc4 Nxf3 81. Rc6+ Kd7 82. Rxb6 Nd4 83. Rb7+ Kc8 84. b6
Rb5 85. Rg7 Rxb6 86. Rxg5 Kc7 87. Rg4 Rb4 88. Bg2 Kd6 89. Rh4 Kc5 90. Rg4 Rb8
91. Be4 Rf8 92. Rg1 Rf4 93. Rc1+ Kd6 94. Bb7 e5 95. Re1 Rf2 96. Bh1 Nb3 97.
Rd1+ Ke7 98. Bd5 Nd4 99. Re1 Kf6 100. Bb7 Kf5 101. Be4+ Kf4 102. Bd5 Ne2 103.
Bc4 Ng3 104. Rc1 Ne4 105. Ka2 Nd6 106. Ba6 e4 107. Kb3 e3 108. Rc2 Ne4 109. Bb5
Ke5 110. Ba6 Rf6 111. Be2 Nd2+ 112. Ka4 Rf2 113. Ba6 e2 114. Bxe2 Rxe2 115. b4
Kd4 116. b5 Kd3 117. Rc6 Re4+ 118. Ka5 Nb3+ 119. Kb6 Nd4 120. Rc5 Re6+ 121. Ka7
Re7+ 122. Ka6 Nxb5 123. Rxb5 1/2-1/2

[Event "1.b HSL 19 "]
[Site "Mali Losinj"]
[Date "2019.10.01"]
[Round "4.32"]
[White "Horvath, Adam"]
[Black "Tratar, Marko"]
[Result "1-0"]
[WhiteElo "2495"]
[BlackElo "2461"]
[PlyCount "79"]
[EventDate "2019.09.28"]
[EventCountry "CRO"]
[WhiteTeam "ŠK ĐURO ĐAKOVIĆ, Slavonski Brod"]
[BlackTeam "ŠK PULA, Pula"]

1. e4 e6 2. d4 d5 3. Nd2 dxe4 4. Nxe4 Nd7 5. Nf3 Ngf6 6. Bg5 h6 7. Nxf6+ Nxf6
8. Bh4 c5 9. Bd3 cxd4 10. O-O Be7 11. Qe2 O-O 12. Rfd1 Qb6 13. Nxd4 Rd8 14. c3
Bd7 15. Rd2 Rac8 16. Rad1 Kf8 17. h3 Nd5 18. Bxe7+ Kxe7 19. Be4 Nf6 20. Qf3 Rb8
21. c4 Qc7 22. Qa3+ Ke8 23. Bd3 b6 24. Bf1 a5 25. Re1 Qf4 26. Re3 g6 27. g3 Qc7
28. Qc3 Ke7 29. Bg2 Qc5 30. Rf3 Ne4 31. Rxf7+ Kxf7 32. Bxe4 Be8 33. Qe3 e5 34.
Bd5+ Rxd5 35. cxd5 exd4 36. Qf4+ Kg7 37. Qxb8 Qc1+ 38. Kg2 Qxd2 39. Qxe8 d3 40.
d6 1-0

[Event "1.b HSL 19 "]
[Site "Mali Losinj"]
[Date "2019.10.01"]
[Round "4.33"]
[White "Fercec, Nenad"]
[Black "Dabo-Peranic, Robert"]
[Result "1-0"]
[WhiteElo "2439"]
[BlackElo "2322"]
[PlyCount "73"]
[EventDate "2019.09.28"]
[EventCountry "CRO"]
[WhiteTeam "ŠK PULA, Pula"]
[BlackTeam "ŠK ĐURO ĐAKOVIĆ, Slavonski Brod"]

1. e4 e5 2. Nf3 Nc6 3. Bb5 Nf6 4. d3 Bc5 5. O-O Nd4 6. Nxd4 Bxd4 7. c3 Bb6 8.
Ba4 c6 9. Kh1 d6 10. f4 Ng4 11. Qe1 exf4 12. Bxf4 g5 13. Bd2 Qe7 14. d4 h5 15.
Na3 h4 16. h3 Nh6 17. Nc4 f6 18. e5 dxe5 19. dxe5 f5 20. Nd6+ Kd8 21. c4 Kc7
22. Bb4 c5 23. Ba3 a5 24. Qf2 Qxe5 25. Nb5+ Kb8 26. Rae1 Qf6 27. Bxc5 Bxc5 28.
Qxc5 Ra6 29. Nc7 b6 30. Qe7 Qxe7 31. Nxa6+ Bxa6 32. Rxe7 g4 33. Rfe1 Bxc4 34.
Bb3 Bd3 35. Re8+ Rxe8 36. Rxe8+ Kc7 37. Rh8 1-0

[Event "1.b HSL 19 "]
[Site "Mali Losinj"]
[Date "2019.10.01"]
[Round "4.34"]
[White "Rubil, Marko"]
[Black "Zufic, Miroslav"]
[Result "1/2-1/2"]
[WhiteElo "2269"]
[BlackElo "2382"]
[PlyCount "123"]
[EventDate "2019.09.28"]
[EventCountry "CRO"]
[WhiteTeam "ŠK ĐURO ĐAKOVIĆ, Slavonski Brod"]
[BlackTeam "ŠK PULA, Pula"]

1. e4 e5 2. Nf3 Nc6 3. Bb5 a6 4. Ba4 Nf6 5. O-O Be7 6. Re1 b5 7. Bb3 d6 8. c3
O-O 9. h3 Nd7 10. d3 Na5 11. Bc2 c5 12. Nbd2 Nc6 13. Nf1 Bf6 14. Ne3 g6 15. Nd5
Bg7 16. Bg5 f6 17. Bd2 Ne7 18. Bb3 Kh8 19. h4 Ra7 20. h5 g5 21. h6 Bxh6 22.
Nxe7 Qxe7 23. Nh4 gxh4 24. Bxh6 Rd8 25. Qh5 Nf8 26. f4 exf4 27. Bxf4 Ng6 28.
Bh2 Be6 29. Bc2 Rg8 30. Kh1 Qd7 31. d4 cxd4 32. cxd4 Bg4 33. Qh6 h3 34. Re3
hxg2+ 35. Kg1 Rc7 36. Bb3 Be6 37. d5 Bg4 38. Rg3 Qc8 39. Kxg2 Rc2+ 40. Bxc2
Qxc2+ 41. Kg1 Qxb2 42. Re1 Bf3 43. Qe3 Ne5 44. Qf2 Qxf2+ 45. Kxf2 Nd3+ 46. Kxf3
Nxe1+ 47. Ke2 Nc2 48. Rxg8+ Kxg8 49. Bxd6 Kf7 50. Bc5 a5 51. Kd2 Nb4 52. a3 Na6
53. Bb6 a4 54. Kc3 Ke7 55. Bf2 Kd7 56. Bd4 Ke7 57. Bf2 h5 58. Bh4 Kf7 59. Bf2
Ke7 60. Bh4 Kf7 61. Bf2 Ke7 62. Bh4 1/2-1/2

[Event "1.b HSL 19 "]
[Site "Mali Losinj"]
[Date "2019.10.01"]
[Round "4.35"]
[White "Franic, Milan"]
[Black "Martic, Zlatko"]
[Result "1-0"]
[WhiteElo "2366"]
[BlackElo "2283"]
[PlyCount "117"]
[EventDate "2019.09.28"]
[EventCountry "CRO"]
[WhiteTeam "ŠK PULA, Pula"]
[BlackTeam "ŠK ĐURO ĐAKOVIĆ, Slavonski Brod"]

1. d4 Nf6 2. c4 c5 3. d5 b5 4. cxb5 a6 5. bxa6 Bxa6 6. Nc3 d6 7. Nf3 g6 8. g3
Bg7 9. Bg2 O-O 10. O-O Nbd7 11. Rb1 Ng4 12. Bd2 Qa5 13. Qc2 Nge5 14. b3 Nxf3+
15. Bxf3 Ne5 16. Bg2 Bc8 17. a4 Rb8 18. Nb5 Qb6 19. Na3 Bg4 20. Rfe1 Qa6 21. f3
Bd7 22. f4 Ng4 23. h3 Nf6 24. Nc4 e6 25. dxe6 Bxe6 26. g4 Rfe8 27. e4 d5 28.
exd5 Bxd5 29. Rxe8+ Rxe8 30. Re1 Bxg2 31. Rxe8+ Nxe8 32. Kxg2 Qc6+ 33. Kg3 Bd4
34. Be3 Nf6 35. Qg2 Qe6 36. Qf3 h5 37. f5 Qe7 38. fxg6 fxg6 39. gxh5 Nxh5+ 40.
Kg2 Ng7 41. Qd5+ Kh7 42. Bxd4 cxd4 43. Qxd4 Qb7+ 44. Kf2 Qxb3 45. Ne3 Qa2+ 46.
Kf3 Qa3 47. Kg4 Nh5 48. h4 Qa2 49. Qd7+ Kh6 50. Kf3 Qa3 51. Qd8 Kh7 52. a5 Ng7
53. Qc7 Kg8 54. Ke4 Ne8 55. Qd8 Kf7 56. Nc4 Qb4 57. Kd4 Nf6 58. a6 Qe1 59. Ne5+
1-0

[Event "1.b HSL 19 "]
[Site "Mali Losinj"]
[Date "2019.10.01"]
[Round "4.36"]
[White "Matanovic, Luka"]
[Black "Ciganovic, Nikola"]
[Result "1-0"]
[WhiteElo "2245"]
[BlackElo "2219"]
[PlyCount "103"]
[EventDate "2019.09.28"]
[EventCountry "CRO"]
[WhiteTeam "ŠK ĐURO ĐAKOVIĆ, Slavonski Brod"]
[BlackTeam "ŠK PULA, Pula"]

1. e4 e5 2. Nf3 Nc6 3. Bb5 a6 4. Ba4 Nf6 5. O-O b5 6. Bb3 Be7 7. Re1 O-O 8. c3
d6 9. h3 Bb7 10. d4 Re8 11. Nbd2 Bf8 12. Bc2 exd4 13. cxd4 Nb4 14. Bb1 c5 15.
d5 c4 16. a3 Nd3 17. Bxd3 cxd3 18. Qb3 Nd7 19. Qxd3 Nc5 20. Qb1 f5 21. exf5
Rxe1+ 22. Nxe1 Bxd5 23. b4 Na4 24. Qd3 Bb7 25. Ndf3 Qf6 26. Ra2 Re8 27. Bg5
Rxe1+ 28. Nxe1 Qxg5 29. Re2 Nb6 30. Qd4 Nc4 31. Qa7 Bc8 32. Re8 Qxf5 33. Qe7 h5
34. Nf3 Ne5 35. Nh4 Qf4 36. Rxc8 Qc1+ 37. Rxc1 Bxe7 38. Nf5 Bf8 39. Rc8 Kf7 40.
Ra8 g6 41. Nd4 Nc4 42. Rxa6 Bh6 43. Nxb5 Ke6 44. Nc7+ Kd7 45. Nd5 Ke6 46. Nc3
Bc1 47. b5 Bb2 48. b6 Kd7 49. b7 Kc7 50. Rc6+ Kxc6 51. b8=Q Bxc3 52. Qb3 1-0

[Event "1.b HSL 19 "]
[Site "Mali Losinj"]
[Date "2019.10.01"]
[Round "4.41"]
[White "Ivic, Velimir"]
[Black "Brkic, Ante"]
[Result "1-0"]
[WhiteElo "2511"]
[BlackElo "2600"]
[PlyCount "115"]
[EventDate "2019.09.28"]
[EventCountry "CRO"]
[WhiteTeam "ŠK BRDA, Split"]
[BlackTeam "ŠK VINKOVCI, Vinkovci"]

1. e4 e5 2. Nf3 Nc6 3. Bb5 a6 4. Ba4 Nf6 5. O-O Nxe4 6. d4 b5 7. Bb3 d5 8. dxe5
Be6 9. Nbd2 Nc5 10. c3 Be7 11. Bc2 d4 12. Nb3 d3 13. Bb1 Nxb3 14. axb3 Bf5 15.
Be3 O-O 16. Bd4 Qd5 17. Re1 Rfd8 18. b4 d2 19. Qxd2 Bxb1 20. Raxb1 Bxb4 21. Qf4
Be7 22. e6 fxe6 23. Qxc7 Nxd4 24. Nxd4 Bd6 25. Qa5 b4 26. Qa4 bxc3 27. bxc3 e5
28. Nf3 h6 29. Rbd1 Qf7 30. h4 a5 31. Nxe5 Bxe5 32. Rxd8+ Rxd8 33. Rxe5 Rd5 34.
Re4 Qd7 35. Qc4 Kh7 36. Rf4 Rd1+ 37. Kh2 Qd3 38. Qc8 Qd7 39. Qxd7 Rxd7 40. Ra4
Rd3 41. c4 Rc3 42. h5 Kg8 43. f3 Kf7 44. Kh3 Rc2 45. g4 Ke6 46. Kg3 Rc3 47. Kf4
Rc1 48. Ke3 Rc3+ 49. Ke4 Kf6 50. Kd5 Rxf3 51. c5 Rd3+ 52. Kc6 Ke5 53. Rxa5 Rd4
54. Kc7 Rxg4 55. c6+ Ke6 56. Kc8 g6 57. hxg6 Rxg6 58. c7 1-0

[Event "1.b HSL 19 "]
[Site "Mali Losinj"]
[Date "2019.10.01"]
[Round "4.42"]
[White "Kadric, Denis"]
[Black "Doric, Darko"]
[Result "1-0"]
[WhiteElo "2558"]
[BlackElo "2467"]
[PlyCount "55"]
[EventDate "2019.09.28"]
[EventCountry "CRO"]
[WhiteTeam "ŠK VINKOVCI, Vinkovci"]
[BlackTeam "ŠK BRDA, Split"]

1. e4 c6 2. d4 d5 3. e5 Bf5 4. h4 h5 5. c4 e6 6. Nc3 Ne7 7. Nge2 Nd7 8. Ng3 Bg6
9. Bg5 Qb6 10. Rc1 Qxb2 11. Bd3 Bxd3 12. Qxd3 dxc4 13. Qxc4 Nb6 14. Qd3 Ned5
15. O-O Qa3 16. Nge4 Bb4 17. Qf3 Ne7 18. Rfd1 Nf5 19. Rd3 Qa5 20. Rb1 Rc8 21.
Ne2 Rc7 22. Nf4 Nd5 23. Nxh5 Qxa2 24. Rbd1 g6 25. Nhf6+ Kf8 26. g4 Nxf6 27.
Bxf6 Ng7 28. Bxg7+ 1-0

[Event "1.b HSL 19 "]
[Site "Mali Losinj"]
[Date "2019.10.01"]
[Round "4.43"]
[White "Plenkovic, Zdenko"]
[Black "Stojanovski, Dejan"]
[Result "1-0"]
[WhiteElo "2368"]
[BlackElo "2428"]
[PlyCount "81"]
[EventDate "2019.09.28"]
[EventCountry "CRO"]
[WhiteTeam "ŠK BRDA, Split"]
[BlackTeam "ŠK VINKOVCI, Vinkovci"]

1. g3 Nf6 2. Bg2 c5 3. Nf3 g6 4. O-O Bg7 5. d4 cxd4 6. Nxd4 Nc6 7. c4 O-O 8. c5
Nxd4 9. Qxd4 d6 10. cxd6 Ne8 11. Qh4 Nxd6 12. Rd1 Be6 13. Nc3 Qe8 14. Nd5 Bxd5
15. Bxd5 Bf6 16. Qg4 Qc8 17. Qf3 Qc2 18. Bf4 Bxb2 19. Rab1 Qc3 20. Qxc3 Bxc3
21. Bxd6 exd6 22. Rxb7 a5 23. Rc7 Rac8 24. Bxf7+ Kg7 25. Rxc8 Rxc8 26. Be6 Rc6
27. Kg2 Bb4 28. Bb3 Kf6 29. h4 h5 30. Rd4 Ke5 31. Rd5+ Kf6 32. Rb5 Rc7 33. Rb8
Kg7 34. Re8 Rc5 35. Re7+ Kf8 36. Rf7+ Kg8 37. Rd7+ Kf8 38. Rxd6 Re5 39. Rxg6
Rxe2 40. Rg5 Be1 41. Kf1 1-0

[Event "1.b HSL 19 "]
[Site "Mali Losinj"]
[Date "2019.10.01"]
[Round "4.44"]
[White "Bosnjak, Petar"]
[Black "Rade, Miroslav"]
[Result "1/2-1/2"]
[WhiteElo "2265"]
[BlackElo "2390"]
[PlyCount "59"]
[EventDate "2019.09.28"]
[EventCountry "CRO"]
[WhiteTeam "ŠK VINKOVCI, Vinkovci"]
[BlackTeam "ŠK BRDA, Split"]

1. e4 e5 2. Nf3 Nc6 3. Bc4 Bc5 4. O-O d6 5. c3 Nf6 6. d3 a6 7. a4 O-O 8. h3 Ba7
9. Re1 Ne7 10. d4 Ng6 11. Nbd2 Re8 12. Bd3 Be6 13. Nf1 Nh5 14. Ng3 Nxg3 15.
fxg3 exd4 16. cxd4 c5 17. Be3 cxd4 18. Nxd4 Qf6 19. Nxe6 Bxe3+ 20. Rxe3 Qxe6
21. Bc2 Qe5 22. Kh2 d5 23. Re1 Rac8 24. Bd3 Qd4 25. e5 Rxe5 26. Bxg6 Qxd1 27.
Bxh7+ Kxh7 28. Raxd1 Rxe1 29. Rxe1 Rc2 30. Rd1 1/2-1/2

[Event "1.b HSL 19 "]
[Site "Mali Losinj"]
[Date "2019.10.01"]
[Round "4.45"]
[White "Polok, Kacper"]
[Black "Pucovski, Miroslav"]
[Result "1-0"]
[WhiteElo "2307"]
[BlackElo "2238"]
[PlyCount "55"]
[EventDate "2019.09.28"]
[EventCountry "CRO"]
[WhiteTeam "ŠK BRDA, Split"]
[BlackTeam "ŠK VINKOVCI, Vinkovci"]

1. e4 c5 2. Nf3 Nc6 3. d4 cxd4 4. Nxd4 e5 5. Nb5 d6 6. N1c3 a6 7. Na3 b5 8. Nd5
Nce7 9. Bg5 Bd7 10. c4 h6 11. Bxe7 Nxe7 12. cxb5 Nxd5 13. Qxd5 Be6 14. Qd2 d5
15. exd5 Bxa3 16. dxe6 Qxd2+ 17. Kxd2 Bxb2 18. Rb1 Bd4 19. b6 Rb8 20. b7 a5 21.
Bc4 fxe6 22. Bxe6 Ke7 23. Bc8 Rf8 24. f3 Rf6 25. Ke2 Rc6 26. Rhc1 Kd6 27. Rxc6+
Kxc6 28. Kd3 1-0

[Event "1.b HSL 19 "]
[Site "Mali Losinj"]
[Date "2019.10.01"]
[Round "4.46"]
[White "Bubalovic, Davorin"]
[Black "Curic, Drazen"]
[Result "0-1"]
[WhiteElo "2212"]
[BlackElo "2137"]
[PlyCount "74"]
[EventDate "2019.09.28"]
[EventCountry "CRO"]
[WhiteTeam "ŠK VINKOVCI, Vinkovci"]
[BlackTeam "ŠK BRDA, Split"]

1. e4 e5 2. Nf3 Nc6 3. Bb5 Nge7 4. c3 d6 5. d4 Bd7 6. O-O a6 7. Ba4 Ng6 8. Re1
Be7 9. d5 Nb8 10. Bxd7+ Nxd7 11. c4 h6 12. Nc3 Bg5 13. Ne2 Bxc1 14. Rxc1 Nh4
15. Ng3 Nxf3+ 16. Qxf3 g6 17. b4 a5 18. a3 axb4 19. axb4 b6 20. Ra1 h5 21. Ne2
O-O 22. Nc3 Qe7 23. Nb5 Nf6 24. Qc3 h4 25. g3 Kg7 26. Qf3 Qd7 27. Qg2 h3 28.
Qf3 Nh5 29. Kf1 Rac8 30. Na7 Rce8 31. Nc6 f5 32. c5 bxc5 33. bxc5 fxe4 34. Qxe4
Nf6 35. Qh1 Ng4 36. Ra2 Rf3 37. Ree2 Qf5 0-1

[Event "1.b HSL 19 "]
[Site "Mali Losinj"]
[Date "2019.10.01"]
[Round "4.51"]
[White "Djukic, Nikola"]
[Black "Lenic, Luka"]
[Result "1/2-1/2"]
[WhiteElo "2518"]
[BlackElo "2644"]
[PlyCount "34"]
[EventDate "2019.09.28"]
[EventCountry "CRO"]
[WhiteTeam "ŠK DUBROVNIK, Dubrovnik"]
[BlackTeam "ŠK SESVETE-AGROPROTEINKA, Sesvete"]

1. e4 e5 2. Nf3 Nc6 3. d4 exd4 4. Nxd4 Nf6 5. Nxc6 bxc6 6. e5 Qe7 7. Qe2 Nd5 8.
c4 Ba6 9. Nd2 g6 10. Nf3 Qb4+ 11. Kd1 Bg7 12. Qd2 Qxd2+ 13. Bxd2 Nb6 14. b3 c5
15. Kc2 Bb7 16. Re1 O-O 17. Bd3 Rae8 1/2-1/2

[Event "1.b HSL 19 "]
[Site "Mali Losinj"]
[Date "2019.10.01"]
[Round "4.52"]
[White "Postny, Evgeny"]
[Black "Bogut, Zeljko"]
[Result "1-0"]
[WhiteElo "2601"]
[BlackElo "2386"]
[PlyCount "111"]
[EventDate "2019.09.28"]
[EventCountry "CRO"]
[WhiteTeam "ŠK SESVETE-AGROPROTEINKA, Sesvete"]
[BlackTeam "ŠK DUBROVNIK, Dubrovnik"]

1. d4 Nf6 2. c4 e6 3. Nf3 c5 4. d5 exd5 5. cxd5 d6 6. Nc3 g6 7. Bf4 a6 8. a4
Qe7 9. h3 Nbd7 10. e3 Bg7 11. Be2 O-O 12. O-O Rb8 13. a5 Ne8 14. Re1 b5 15.
axb6 Rxb6 16. Qc1 Nc7 17. Nd2 Ne5 18. Bg3 f5 19. f4 Nf7 20. Nc4 Rb4 21. Bf1 g5
22. Qc2 gxf4 23. exf4 Qf6 24. Bf2 Bd7 25. Na2 Rb7 26. Rad1 Rfb8 27. Nc1 a5 28.
Re3 a4 29. Be1 Rxb2 30. Nxb2 Rxb2 31. Qc3 Qxc3 32. Bxc3 Bxc3 33. Rxc3 Nb5 34.
Bxb5 Bxb5 35. Ra3 Nh8 36. Na2 Be2 37. Re1 Ng6 38. Rxa4 Bd3 39. Nc3 Rc2 40. Nd1
Be4 41. Ne3 Rd2 42. g3 h5 43. h4 Ne7 44. Ra6 c4 45. Nxc4 Rg2+ 46. Kf1 Rxg3 47.
Nxd6 Rf3+ 48. Kg1 Rg3+ 49. Kh2 Rg4 50. Nxe4 Rxh4+ 51. Kg2 fxe4 52. d6 Ng6 53.
d7 Nxf4+ 54. Kf2 Nd3+ 55. Ke3 Rh3+ 56. Kd4 1-0

[Event "1.b HSL 19 "]
[Site "Mali Losinj"]
[Date "2019.10.01"]
[Round "4.53"]
[White "Galic, Ivan"]
[Black "Jovanovic, Zoran"]
[Result "1/2-1/2"]
[WhiteElo "2414"]
[BlackElo "2507"]
[PlyCount "27"]
[EventDate "2019.09.28"]
[EventCountry "CRO"]
[WhiteTeam "ŠK DUBROVNIK, Dubrovnik"]
[BlackTeam "ŠK SESVETE-AGROPROTEINKA, Sesvete"]

1. e4 d6 2. d4 Nf6 3. f3 e5 4. dxe5 dxe5 5. Qxd8+ Kxd8 6. Bc4 Ke8 7. Be3 Nbd7
8. Nd2 Bc5 9. Kf2 Ke7 10. Ne2 Bxe3+ 11. Kxe3 Nb6 12. Nc1 Nfd7 13. Nd3 a5 14. a4
1/2-1/2

[Event "1.b HSL 19 "]
[Site "Mali Losinj"]
[Date "2019.10.01"]
[Round "4.54"]
[White "Bukal, Vladimir Jr."]
[Black "Bender, Ivan"]
[Result "1-0"]
[WhiteElo "2390"]
[BlackElo "2212"]
[PlyCount "113"]
[EventDate "2019.09.28"]
[EventCountry "CRO"]
[WhiteTeam "ŠK SESVETE-AGROPROTEINKA, Sesvete"]
[BlackTeam "ŠK DUBROVNIK, Dubrovnik"]

1. d4 d5 2. Nf3 Nf6 3. Bf4 c5 4. e3 Nc6 5. Bb5 cxd4 6. Nxd4 Bd7 7. O-O e6 8. c4
Be7 9. Nc3 a6 10. Ba4 Nxd4 11. Bxd7+ Qxd7 12. Qxd4 dxc4 13. Qxc4 b5 14. Qb3 O-O
15. Rfd1 Qa7 16. a4 b4 17. Ne2 Rac8 18. Rac1 Qb7 19. h3 h6 20. Nd4 Ne4 21. Nxe6
Rxc1 22. Rxc1 Rc8 23. Rd1 Nxf2 24. Kxf2 fxe6 25. Qxe6+ Kh8 26. Qg6 Qc6 27. Qxc6
Rxc6 28. Be5 Rc2+ 29. Kf3 Bf6 30. Bxf6 gxf6 31. Rd6 Kg7 32. b3 Rc3 33. Rxa6
Rxb3 34. Rb6 Rb1 35. Kg4 Kg6 36. e4 h5+ 37. Kh4 b3 38. e5 Rf1 39. a5 b2 40.
Rxb2 Rf4+ 41. Kg3 Ra4 42. Rb5 h4+ 43. Kf3 Ra3+ 44. Ke4 Ra2 45. e6 Re2+ 46. Kd5
Re5+ 47. Kc4 Re4+ 48. Kc3 Rxe6 49. Rb2 Re3+ 50. Kb4 Re4+ 51. Kb5 Re5+ 52. Kb6
Re6+ 53. Kc7 Kf7 54. Ra2 Re7+ 55. Kc6 Re6+ 56. Kc5 Ra6 57. Kb5 1-0

[Event "1.b HSL 19 "]
[Site "Mali Losinj"]
[Date "2019.10.01"]
[Round "4.55"]
[White "Levacic, Patrick"]
[Black "Ivekovic, Zvonimir"]
[Result "1-0"]
[WhiteElo "2245"]
[BlackElo "2405"]
[PlyCount "114"]
[EventDate "2019.09.28"]
[EventCountry "CRO"]
[WhiteTeam "ŠK DUBROVNIK, Dubrovnik"]
[BlackTeam "ŠK SESVETE-AGROPROTEINKA, Sesvete"]

1. e4 c5 2. Nf3 d6 3. d4 cxd4 4. Qxd4 Nc6 5. Bb5 Bd7 6. Bxc6 Bxc6 7. Nc3 Nf6 8.
Bg5 e6 9. O-O-O Be7 10. Rhe1 O-O 11. Qd2 Qa5 12. Nd4 h6 13. Bf4 Rfd8 14. Kb1
Qb6 15. Be3 Qc7 16. f3 d5 17. e5 Qxe5 18. Bxh6 Qh5 19. Bg5 Bd6 20. h4 Bg3 21.
Rh1 e5 22. Nce2 Bf2 23. Nf4 exf4 24. Qxf2 Qg6 25. Bxf4 Nh5 26. Bg5 Re8 27. g4
Nf6 28. Qd2 Nh7 29. Bf4 Bd7 30. h5 Qb6 31. Rhe1 Nf8 32. Be3 Qa6 33. Nb3 Rac8
34. Bd4 Ne6 35. Bc3 Ba4 36. Nd4 Rc4 37. b3 Rec8 38. bxc4 Qxc4 39. Nb3 Qxc3 40.
Qxc3 Rxc3 41. Rd3 Rc4 42. Rxd5 Bc6 43. Rd3 Rf4 44. Ree3 b6 45. c3 Rc4 46. Nd2
Rc5 47. Kb2 a5 48. Nb3 Rc4 49. Rd6 Nf4 50. Rd4 Rxd4 51. Nxd4 Bd5 52. a3 Kf8 53.
Kc2 Bc4 54. Kd2 a4 55. Re4 Nd5 56. Ne6+ fxe6 57. Rxc4 Ke8 1-0

[Event "1.b HSL 19 "]
[Site "Mali Losinj"]
[Date "2019.10.01"]
[Round "4.56"]
[White "Antunac, Goran"]
[Black "Ivankovic, Ivo"]
[Result "1/2-1/2"]
[WhiteElo "2379"]
[BlackElo "2054"]
[PlyCount "117"]
[EventDate "2019.09.28"]
[EventCountry "CRO"]
[WhiteTeam "ŠK SESVETE-AGROPROTEINKA, Sesvete"]
[BlackTeam "ŠK DUBROVNIK, Dubrovnik"]

1. d4 Nf6 2. Nf3 e6 3. c4 d5 4. Nbd2 Be7 5. g3 O-O 6. Bg2 b6 7. O-O Bb7 8. b3
Nbd7 9. Bb2 Ne4 10. Qc2 Nxd2 11. Nxd2 c5 12. cxd5 Bxd5 13. Bxd5 exd5 14. Qf5
Nf6 15. dxc5 bxc5 16. Rac1 Qb6 17. Nf3 Rfd8 18. Rc2 Rac8 19. Rfc1 Qe6 20. Qxe6
fxe6 21. Ng5 Rc6 22. e3 Nd7 23. Nf3 a5 24. a4 Rb6 25. Nd2 Rdb8 26. Bc3 Ra8 27.
Rb2 Bf6 28. Bxf6 gxf6 29. Rbc2 Rab8 30. g4 Kf7 31. Kg2 Kg6 32. Kg3 Rb4 33. f4
h5 34. h3 Rh8 35. Rf1 hxg4 36. hxg4 Kf7 37. Rcc1 Rg8 38. Rh1 Kg7 39. Rh5 Rh8
40. Rxh8 Kxh8 41. Kf3 Kg7 42. g5 fxg5 43. Rg1 c4 44. bxc4 dxc4 45. Ne4 Rxa4 46.
Rxg5+ Kf8 47. Rb5 Ke7 48. Rb7 Rb4 49. Ra7 Rb5 50. Rc7 Kd8 51. Rxc4 Nb6 52. Rd4+
Rd5 53. Nc5 Ke7 54. Rxd5 exd5 55. Ke2 a4 56. Kd3 a3 57. Kd4 a2 58. Nb3 Ke6 59.
e4 1/2-1/2